El sufrimiento / Milciádes Púa, Julio Pinilla (Registro nro. 35247)
[ vista simple ]
| 000 -LÍDER | |
|---|---|
| Campo fijo de descripción fija | 004780000a22001570004500 |
| 041 0# - CÓDIGO DE IDIOMA | |
| Código de idioma para texto/pista de sonido o título separado | |
| 001 - NÚMERO DE CONTROL | |
| Campo de control | 4683 |
| 100 1# - ASIENTO PRINCIPAL--NOMBRE PERSONAL | |
| Nombre personal | Púa, Milcíades |
| 245 10 - TÍTULO | |
| Título del Material | El sufrimiento / Milciádes Púa, Julio Pinilla |
| 260 ## - PUBLICACIÓN, DISTRIBUCIÓN, ETC. (PIE DE IMPRENTA) | |
| Lugar de publicación, distribución, etc. | Medellín, Colombia : Seminario Bíblico de Colombia |
| 650 14 - ASIENTO SECUNDARIO DE MATERIA - TERMINO TEMÁTICO | |
| Término temático o nombre geográfico como elemento de entrada | ETICA CRISTIANA \ SUFRIMIENTO |
| 700 1# - ASIENTO SECUNDARIO - NOMBRE PERSONAL | |
| Nombre personal | Asesor Randall Spacht |
| 942 ## - TIPO DE MATERIAL (KOHA) | |
| Tipo de Item KOHA | Libros General |
| Estado de Material | Estado de Perdido | Estado de Dañado | No para Préstamo | Colección | Tomo | Biblioteca de Origen | Biblioteca Permanente | Fecha de Adquisición | Total de Préstamos | Signatura Topográfica | Código de Barras | Última vez visto | Ejemplar/Existencia | Fecha de Remplazo | Tipo de Material |
|---|---|---|---|---|---|---|---|---|---|---|---|---|---|---|---|
| Trabajos de grado | Biblioteca FUSBC | Biblioteca FUSBC | 07/12/2004 | T P11s | 8482 | 12/12/2019 | 1 | 26/01/2016 | Trabajos de Grado |
